[Event "Standard Chess"]
[Site "SchemingMind.com"]
[Date "2009.04.19"]
[Round "-"]
[White "MazetaFighter"]
[Black "startstek"]
[Result "1-0"]
[WhiteCountry "GRE"]
[BlackCountry "ALG"]
[WhiteElo "2004"]
[WhiteRD "61"]
[BlackElo "1871"]
[BlackRD "79"]
[GameID "200999"]

1. c4 Nf6 2. d4 g6 3. Nc3 Bg7 4. e4 d6 5. Nf3 O-O 6. Be2 e5 7. dxe5 dxe5 8. Qxd8 Rxd8 9. Bg5 Re8 10. Nd5 Nxd5
11. cxd5 c6 12. Bc4 cxd5 13. Bxd5 Nd7 14. Nd2 Nc5 15. O-O-O Ne6 16. Be3 Nf4 17. Bxf4 exf4 18. Nc4 Be6 19. Nd6 Re7 20. Rd3 Bxd5
21. Rxd5 f5 22. f3 fxe4 23. fxe4 Rd8 24. Rhd1 Rc7+ 25. Kb1 Re7= 26. Kc2 Rc7+ 27. Kb3 Re7 28. Nf5 gxf5 29. Rxd8+ Kf7 30. exf5 Re5
31. R1d7+ Re7 32. Rxe7+ Kxe7 33. Rd5 a6 34. Ka3 b5 35. b4 Bf8 36. Kb3 Kf6 37. a4 bxa4+ 38. Kxa4
1-0

[Event "Standard Chess"]
[Site "SchemingMind.com"]
[Date "2009.04.19"]
[Round "-"]
[White "startstek"]
[Black "MazetaFighter"]
[Result "0-1"]
[WhiteCountry "ALG"]
[BlackCountry "GRE"]
[WhiteElo "1871"]
[WhiteRD "79"]
[BlackElo "2004"]
[BlackRD "61"]
[GameID "201000"]

1. e4 c5 2. Nf3 d6 3. d4 cxd4 4. Nxd4 Nf6 5. Nc3 a6 6. Be3 e6 7. f3 b5 8. Qd2 Nbd7 9. g4 h6 10. O-O-O Bb7
11. h4 b4 12. Na4 Qa5 13. b3 Nc5 14. a3 Nxa4 15. axb4 Qc7 16. bxa4 d5 17. e5 Nd7 18. f4 Nb6 19. Rh3 Nxa4 20. Bf2 Rc8
21. c4 dxc4 22. Qc2 Nb6 23. Nxe6 fxe6 24. Bxb6 Qf7 25. f5 Bd5 26. Ra3 Qb7 27. Ba5 Be4 28. Qd2 Be7 29. fxe6 O-O 30. Qd7 Bxh4
31. Qxb7 Bxb7 32. Rd7 Rxf1+
0-1

[Event "Standard Chess"]
[Site "SchemingMind.com"]
[Date "2009.04.19"]
[Round "-"]
[White "tyler_ensor"]
[Black "startstek"]
[Result "0-1"]
[WhiteCountry "CAN"]
[BlackCountry "ALG"]
[WhiteElo "1750"]
[WhiteRD "74"]
[BlackElo "1886"]
[BlackRD "90"]
[GameID "201009"]

1. d4 Nf6 2. c4 g6 3. Nc3 Bg7 4. e4 d6 5. f3 O-O 6. Be3 e5 7. d5 Nh5 8. Qd2 f5 9. exf5 gxf5 10. O-O-O Nd7
11. Bd3 Nc5 12. Bc2 a6 13. Nge2= b5 14. b4 Nd7 15. c5 a5 16. cxd6 axb4 17. Nxb5 cxd6 18. Kb2 Qa5 19. Bd3 e4+
0-1

[Event "Standard Chess"]
[Site "SchemingMind.com"]
[Date "2009.04.19"]
[Round "-"]
[White "tyler_ensor"]
[Black "MazetaFighter"]
[Result "1-0"]
[WhiteCountry "CAN"]
[BlackCountry "GRE"]
[WhiteElo "1738"]
[WhiteRD "67"]
[BlackElo "2004"]
[BlackRD "61"]
[GameID "201010"]

1. d4 Nf6 2. c4 g6 3. Nc3 Bg7 4. e4 d6 5. f3 O-O 6. Be3 e5 7. d5 Nh5 8. g4 Nf4 9. Nge2 f5 10. gxf5 gxf5
11. Qd2 fxe4 12. Nxe4 Qh4+ 13. N2g3 Bf5 14. O-O-O Bg6 15. Ne2 Bxe4 16. fxe4 Bh6 17. Rg1+ Kh8 18. Ng3 Nd7 19. Nf5 Qh5 20. Nxh6 Qxh6
21. Rg3 Nc5 22. Bxc5 dxc5 23. Kc2 a6 24. Be2 Qxh2 25. Re3 Nxe2 26. Rxe2 Qf4 27. Qxf4 Rxf4 28. a3= Raf8 29. Kd3 Rf3+ 30. Re3 Rxe3+
31. Kxe3 h6 32. Rg1 Kh7 33. b4 cxb4 34. axb4 Rg8 35. Rxg8 Kxg8 36. c5 Kf7 37. Kf3 h5 38. Kg3 b6 39. d6 cxd6 40. cxb6
1-0

[Event "Standard Chess"]
[Site "SchemingMind.com"]
[Date "2009.04.19"]
[Round "-"]
[White "startstek"]
[Black "tyler_ensor"]
[Result "0-1"]
[WhiteCountry "ALG"]
[BlackCountry "CAN"]
[WhiteElo "1874"]
[WhiteRD "87"]
[BlackElo "1728"]
[BlackRD "70"]
[GameID "201011"]

1. e4 e5 2. Nf3 Nc6 3. Bb5 g6 4. c3 a6 5. Ba4 d6 6. d4 Bd7 7. O-O Bg7 8. Re1 Nge7 9. d5 Na5 10. Bxd7+ Qxd7
11. b3 b6 12. c4 O-O 13. Qc2 f5 14. Nc3 Nb7 15. Ng5 Nd8 16. f3 h6 17. Nh3 fxe4 18. fxe4 a5= 19. Be3 Nb7 20. a3 Kh7
21. b4 axb4 22. axb4 Ng8 23. Nf2 Nf6 24. h3 Nh5 25. Ne2 Nf4 26. Rxa8 Nxe2+ 27. Rxe2 Rxa8
0-1

[Event "Standard Chess"]
[Site "SchemingMind.com"]
[Date "2009.04.19"]
[Round "-"]
[White "MazetaFighter"]
[Black "tyler_ensor"]
[Result "1/2-1/2"]
[WhiteCountry "GRE"]
[BlackCountry "CAN"]
[WhiteElo "1994"]
[WhiteRD "61"]
[BlackElo "1750"]
[BlackRD "74"]
[GameID "201012"]

1. e4 e5 2. Nf3 Nc6 3. d4 exd4 4. Nxd4 Nf6 5. Nc3 Bb4 6. Nxc6 bxc6 7. Bd3 d5 8. exd5 cxd5 9. O-O O-O 10. Bg5 c6
11. Na4 h6 12. Bh4 Be6 13. Rc1 Qa5 14. c3 Be7 15. b4 Qc7=
1/2-1/2

[Event "Standard Chess"]
[Site "SchemingMind.com"]
[Date "2009.04.22"]
[Round "-"]
[White "maaac"]
[Black "startstek"]
[Result "0-1"]
[WhiteCountry "AUS"]
[BlackCountry "ALG"]
[WhiteElo "1936"]
[WhiteRD "68"]
[BlackElo "1871"]
[BlackRD "79"]
[GameID "201469"]

1. d4 Nf6 2. c4 g6 3. Nc3 Bg7 4. e4 d6 5. Nf3 O-O 6. Be2 e5 7. O-O Nc6 8. d5 Ne7 9. b4 Nh5 10. Re1 f5
11. Ng5 Nf6 12. f3 Kh8 13. Be3 Bh6 14. h4 f4 15. Bf2 Bxg5 16. hxg5 Nh5 17. c5 Ng8 18. cxd6 cxd6 19. Rc1 a6 20. Na4 Qxg5
21. Rc7 Bh3 22. Bf1 Rab8 23. Nb6 Qd8 24. Qc2 Bc8 25. Rc1 Ne7 26. Bh4 Nf6 27. Bxf6+ Rxf6 28. Nxc8 Nc6 29. Rxc6 bxc6 30. Qxc6 Rxb4
31. Bxa6 g5 32. a4 Rg6 33. Be2 h5 34. Qc7 Qxc7 35. Rxc7 Rxa4 36. Rc6 Ra2 37. Kf2 g4 38. fxg4 hxg4 39. Nxd6 g3+ 40. Ke1 Ra1+
41. Kd2 Ra2+ 42. Kd3 Ra3+ 43. Kc4 f3 44. Nf7+ Kg7 45. Rxg6+ Kxf7 46. Rb6 fxe2 47. Rb1 Re3 48. Re1 Ke7 49. Kc5 Kd7 50. d6 Rxe4
51. Kd5 Re3 52. Kc5 Ke6 53. Kc6 Rc3+ 54. Kb5 Rc2 55. Kb4 e4 56. Kb3 Rd2 57. Kc3 e3
0-1

[Event "Standard Chess"]
[Site "SchemingMind.com"]
[Date "2009.04.22"]
[Round "-"]
[White "maaac"]
[Black "tyler_ensor"]
[Result "1-0"]
[WhiteCountry "AUS"]
[BlackCountry "CAN"]
[WhiteElo "2002"]
[WhiteRD "72"]
[BlackElo "1758"]
[BlackRD "79"]
[GameID "201470"]

1. d4 d5 2. c4 e6 3. Nc3 Nf6 4. Nf3 c5 5. cxd5 Nxd5 6. e4 Nxc3 7. bxc3 cxd4 8. cxd4 Bb4+ 9. Bd2 Bxd2+ 10. Qxd2 O-O
11. Bc4 Nd7 12. O-O b6 13. Rad1 Bb7 14. Rfe1 Rc8 15. Bb3 Nf6 16. d5 exd5 17. exd5 Bxd5 18. Bxd5 Nxd5 19. Qxd5 Qxd5 20. Rxd5 Rc2
21. Rd2 Rfc8 22. Rxc2
1-0

[Event "Standard Chess"]
[Site "SchemingMind.com"]
[Date "2009.04.22"]
[Round "-"]
[White "startstek"]
[Black "maaac"]
[Result "1/2-1/2"]
[WhiteCountry "ALG"]
[BlackCountry "AUS"]
[WhiteElo "1871"]
[WhiteRD "79"]
[BlackElo "1936"]
[BlackRD "68"]
[GameID "201472"]

1. e4 c5 2. Nf3 d6 3. d4 cxd4 4. Nxd4 Nf6 5. Nc3 a6 6. Be3 e5 7. Nb3 Be7 8. f3 O-O 9. Qd2 Be6 10. O-O-O Nbd7
11. g4 b5 12. g5 Nh5 13. Nd5 Bxd5 14. exd5 a5 15. Bxb5 a4 16. Na1 Nb6 17. Rhg1 Qc7 18. Rg4 f5 19. Rb4 a3 20. Bxb6 Qxb6
21. Bc6 Qd8 22. h4 axb2+ 23. Kxb2 Rb8 24. Nb3 Qc7 25. Rxb8 Rxb8 26. a4 Bd8 27. a5 Qxa5 28. Qxa5= Bxa5 29. Ra1 Bb6 30. Kc3 Nf4
31. Rf1 Kf8 32. Kd2 g6 33. Rh1 Ke7 34. Ra1 Bf2 35. Rh1 Rb4 36. Ra1 Rb8 37. Rh1 Kf7 38. Na5 Nh5 39. Nb7 Ke7 40. Ke2 Bg3
41. Ra1 Bxh4 42. Ra7 Nf4+ 43. Kd1 Kf8 44. c4 Bf2 45. Ra2 Bc5 46. Nxc5 dxc5 47. Ra7 Rb3 48. Ra8+ Ke7 49. Re8+ Kd6 50. Rd8+ Kc7
51. Rd7+ Kc8 52. Rxh7 Rxf3 53. Rh8+ Kc7 54. Rh7+ Kd8 55. Rh8+= Ke7 56. Re8+ Kd6 57. Rd8+ Kc7 58. Rd7+ Kc8 59. d6 Rd3+ 60. Kc2 e4
61. Rc7+ Kd8 62. Rd7+ Kc8 63. Rc7+ Kd8 64. Rd7+ Kc8 65. Rc7+=
1/2-1/2

[Event "Standard Chess"]
[Site "SchemingMind.com"]
[Date "2009.04.22"]
[Round "-"]
[White "tyler_ensor"]
[Black "maaac"]
[Result "0-1"]
[WhiteCountry "CAN"]
[BlackCountry "AUS"]
[WhiteElo "1758"]
[WhiteRD "79"]
[BlackElo "2002"]
[BlackRD "72"]
[GameID "201473"]

1. b3 e5 2. Bb2 d6 3. d3 c5 4. c4 Nc6 5. Nc3 g6 6. g3 Bg7 7. Bg2 f5 8. e4 Nge7 9. Nge2 O-O 10. O-O Be6
11. Qd2 Rb8 12. f4 Nd4 13. Nxd4 cxd4 14. Ne2 Qd7 15. Rae1= b5 16. Nc1 bxc4 17. dxc4 Qc7 18. Nd3 a5 19. exf5 gxf5 20. Qe2 e4
21. Nf2 d5 22. cxd5 Nxd5 23. Nxe4 fxe4 24. Qxe4 Bf7 25. Bxd4 Rfe8 26. Qd3 Rxe1 27. Rxe1 Nb4 28. Qd2 Bxd4+ 29. Qxd4 Nc2 30. Qe5 Qb6+
31. Kh1 Nxe1 32. Qxe1 Re8 33. Qd2 Qe3
0-1

[Event "Standard Chess"]
[Site "SchemingMind.com"]
[Date "2009.04.22"]
[Round "-"]
[White "MazetaFighter"]
[Black "maaac"]
[Result "0-1"]
[WhiteCountry "GRE"]
[BlackCountry "AUS"]
[WhiteElo "2002"]
[WhiteRD "63"]
[BlackElo "1980"]
[BlackRD "68"]
[GameID "201474"]

1. e4 c5 2. Nf3 d6 3. d4 cxd4 4. Nxd4 Nf6 5. Nc3 a6 6. Bc4 e6 7. Bb3 Nbd7 8. f4 Nc5 9. f5 Be7 10. Qf3 O-O
11. Be3 Qc7 12. O-O b5 13. a3 Nxb3 14. cxb3 e5 15. Nde2 Bb7 16. Ng3 Rfd8 17. Rac1 Qd7 18. Nh5 d5 19. Nxf6+= Bxf6 20. Nxd5 Bxd5
21. exd5 Qxd5 22. Qxd5 Rxd5 23. Rfd1 Rxd1+ 24. Rxd1 Rd8 25. Rxd8+ Bxd8 26. b4 g6 27. fxg6 hxg6 28. Kf1 f5 29. Ke2 Kf7 30. Bc5 Ke6
31. b3 Kd5 32. Be3 Ke4 33. Bf2 Bg5 34. Bb6 Bc1 35. a4 Bb2 36. Bc5 Bd4 37. Be7 Kd5 38. g3 e4 39. Bg5 Bc3 40. Be7 bxa4
41. bxa4 Kc4 42. b5 axb5 43. axb5 Kxb5 44. Ke3 Be5 45. Bh4 Kc4 46. h3 Kd5 47. Kf2 Kd4 48. Ke2 e3 49. Bg5 Bxg3 50. Bxe3+ Ke4
51. Bg5 f4 52. Be7 f3+ 53. Kf1 Kf5 54. Bd8 Be5 55. Kf2 Ke4 56. Bg5 Bd6 57. Bh6 Be7 58. Bd2 Bc5+ 59. Kf1 Be3 60. Bb4 Kf4
61. Bd6+ Kg5 62. Be7+ Kh5 63. h4 Kg4 64. Bd8 Bf4 65. Kf2 Bg3+ 66. Ke3 Bxh4 67. Bxh4 Kxh4 68. Kxf3 g5 69. Kg2 Kg4 70. Kh2 Kf3
71. Kg1 g4 72. Kh1 g3
0-1

[Event "Standard Chess"]
[Site "SchemingMind.com"]
[Date "2009.04.26"]
[Round "-"]
[White "klagefall"]
[Black "startstek"]
[Result "1-0"]
[WhiteCountry "GER"]
[BlackCountry "ALG"]
[WhiteElo "2029"]
[WhiteRD "59"]
[BlackElo "1874"]
[BlackRD "87"]
[GameID "201475"]

1. d4 Nf6 2. c4 g6 3. Nc3 Bg7 4. e4 O-O 5. Nf3 d6 6. Be2 e5 7. d5 a5 8. Bg5 h6 9. Bh4 Na6 10. Nd2 Qe8
11. b3 Nh7 12. O-O Bd7 13. a3 h5 14. f3 Bh6 15. Bf2 Qe7 16. Qc2 Kh8 17. Rfb1 f5 18. b4 axb4 19. axb4 b6 20. c5 Nxb4
21. cxd6 Qxd6 22. Qb2 Rxa1 23. Rxa1 Bxd2 24. Qxd2 fxe4 25. Nxe4
1-0

[Event "Standard Chess"]
[Site "SchemingMind.com"]
[Date "2009.04.22"]
[Round "-"]
[White "klagefall"]
[Black "maaac"]
[Result "1/2-1/2"]
[WhiteCountry "GER"]
[BlackCountry "AUS"]
[WhiteElo "1987"]
[WhiteRD "67"]
[BlackElo "2002"]
[BlackRD "72"]
[GameID "201476"]

1. d4 Nf6 2. c4 e6 3. Nf3 b6 4. a3 d5 5. cxd5 exd5 6. Nc3 Be7 7. Qa4+ Bd7 8. Qb3 Be6 9. Bg5 O-O 10. e3 Nbd7
11. Bb5 c5 12. Bxd7 Qxd7 13. Ne5 Qd8 14. Nc6 Qc7 15. Nxe7+ Qxe7 16. O-O c4 17. Qb5 Qd7 18. Bxf6 Qxb5 19. Nxb5 gxf6 20. f3 a6
21. Nc3 b5 22. Kf2 Rfd8 23. g4 Rab8 24. Kg3 Kf8 25. Kf4=
1/2-1/2

[Event "Standard Chess"]
[Site "SchemingMind.com"]
[Date "2009.04.22"]
[Round "-"]
[White "klagefall"]
[Black "tyler_ensor"]
[Result "1/2-1/2"]
[WhiteCountry "GER"]
[BlackCountry "CAN"]
[WhiteElo "2029"]
[WhiteRD "59"]
[BlackElo "1728"]
[BlackRD "70"]
[GameID "201477"]

1. d4 Nf6 2. c4 e6 3. Nf3 d5 4. Bg5 Be7 5. Nc3 Nbd7 6. e3 O-O 7. Rc1 c6 8. Bd3 dxc4 9. Bxc4 b5 10. Bb3 Bb7
11. O-O a6 12. Re1 c5 13. dxc5 Nxc5 14. Qxd8 Rfxd8 15. Bc2= h6 16. Bf4 b4 17. Na4 Rac8 18. Nxc5 Rxc5 19. Bb3 Rdc8 20. Rxc5 Rxc5
21. Rd1 Bd5 22. Nd4 Bxb3 23. Nxb3 Rc2 24. Rd2 Rxd2 25. Nxd2 Nd5 26. Be5 f6 27. Bb8 Kf7 28. Nc4 Bc5 29. Kf1 e5 30. Ke2 Ke6
31. g3 Kd7 32. e4 Ne7 33. Nxe5+ fxe5 34. Bxe5 g6 35. f4 Nc6 36. Bg7 Nd4+ 37. Bxd4 Bxd4 38. b3 Ke6 39. Kd3 Bg1 40. Ke2 Bxh2
41. Kf2 Bxg3+ 42. Kxg3 h5 43. Kh3= Kf6 44. Kh4 a5 45. Kg3 g5 46. f5 Ke5 47. Kf3 Kf6 48. Kg3 Ke5=
1/2-1/2

[Event "Standard Chess"]
[Site "SchemingMind.com"]
[Date "2009.04.22"]
[Round "-"]
[White "klagefall"]
[Black "MazetaFighter"]
[Result "1/2-1/2"]
[WhiteCountry "GER"]
[BlackCountry "GRE"]
[WhiteElo "2009"]
[WhiteRD "61"]
[BlackElo "1994"]
[BlackRD "61"]
[GameID "201478"]

1. d4 e6 2. c4 Nf6 3. Nf3 b6 4. a3 Ba6 5. Qc2 Bb7 6. Nc3 c5 7. e4 cxd4 8. Nxd4 Nc6 9. Nxc6 Bxc6 10. Bf4 Bc5
11. Be2 O-O 12. Rd1 a5 13. Bg3 Qe7 14. e5 Ne8 15. Ne4 f5 16. exf6 Nxf6 17. Nxc5 Qxc5 18. O-O Ne4 19. Bd3 Nxg3 20. Bxh7+ Kh8
21. hxg3 Rf6 22. Be4 Raf8 23. Bxc6 dxc6 24. Rd3 b5 25. Rd2 bxc4=
1/2-1/2

[Event "Standard Chess"]
[Site "SchemingMind.com"]
[Date "2009.04.26"]
[Round "-"]
[White "startstek"]
[Black "klagefall"]
[Result "0-1"]
[WhiteCountry "ALG"]
[BlackCountry "GER"]
[WhiteElo "1871"]
[WhiteRD "79"]
[BlackElo "2045"]
[BlackRD "56"]
[GameID "201479"]

1. e4 e5 2. Nf3 Nc6 3. Bb5 a6 4. Ba4 Nf6 5. O-O Be7 6. Re1 b5 7. Bb3 d6 8. c3 O-O 9. h3 Na5 10. Bc2 c5
11. d4 Qc7 12. Nbd2 Nc6 13. d5 Nd8 14. a4 Rb8 15. axb5 axb5 16. b4 Bd7 17. Nf1 Ne8 18. N3h2 f6 19. f4 Nf7 20. Nf3 exf4
21. Bxf4 g6 22. Qd2 Ng7 23. bxc5 Qxc5+ 24. Be3 Qc7 25. Ra7 Rb7 26. Rea1 Rfb8
0-1

[Event "Standard Chess"]
[Site "SchemingMind.com"]
[Date "2009.04.22"]
[Round "-"]
[White "maaac"]
[Black "klagefall"]
[Result "1/2-1/2"]
[WhiteCountry "AUS"]
[BlackCountry "GER"]
[WhiteElo "2002"]
[WhiteRD "72"]
[BlackElo "1987"]
[BlackRD "67"]
[GameID "201480"]

1. d4 d5 2. c4 e6 3. Nc3 Be7 4. Nf3 Nf6 5. Bg5 O-O 6. e3 h6 7. Bh4 b6 8. cxd5 Nxd5 9. Bg3 c5 10. e4 Nxc3
11. bxc3 cxd4 12. cxd4 Nc6 13. Bb5 Bb4+ 14. Ke2 Bb7 15. Qd3 a6 16. Bxc6 Bxc6 17. a4 b5 18. Rhc1 Rc8 19. Ne5 Be8 20. Rxc8 Qxc8
21. Rb1 Qc3 22. Qxc3 Bxc3 23. axb5 Bxb5+ 24. Ke3 Rd8 25. Nf3 Ba5 26. h4 Bb6 27. h5 Ba7=
1/2-1/2

[Event "Standard Chess"]
[Site "SchemingMind.com"]
[Date "2009.04.22"]
[Round "-"]
[White "tyler_ensor"]
[Black "klagefall"]
[Result "1/2-1/2"]
[WhiteCountry "CAN"]
[BlackCountry "GER"]
[WhiteElo "1758"]
[WhiteRD "79"]
[BlackElo "1987"]
[BlackRD "67"]
[GameID "201481"]

1. d4 d5 2. Nf3 Nf6 3. Bf4 c5 4. c3 Qb6 5. Qc2 Nc6 6. e3 Bf5 7. dxc5 Bxc2 8. cxb6 axb6 9. Nbd2 e6 10. Nd4 Bg6
11. Bb5 Rc8 12. N2f3 Nd7 13. Ne5 Ndxe5 14. Bxe5 f6 15. Bg3 Bf7 16. Ke2=
1/2-1/2

[Event "Standard Chess"]
[Site "SchemingMind.com"]
[Date "2009.04.22"]
[Round "-"]
[White "MazetaFighter"]
[Black "klagefall"]
[Result "1-0"]
[WhiteCountry "GRE"]
[BlackCountry "GER"]
[WhiteElo "2036"]
[WhiteRD "70"]
[BlackElo "1987"]
[BlackRD "67"]
[GameID "201482"]

1. d4 d5 2. Nf3 Nf6 3. c4 e6 4. Nc3 Be7 5. Bf4 O-O 6. e3 c5 7. dxc5 Bxc5 8. cxd5 exd5 9. Be2 Nc6 10. O-O Be6
11. Ne5 Rc8 12. Nxc6 bxc6 13. Ba6
1-0

[Event "Standard Chess"]
[Site "SchemingMind.com"]
[Date "2009.04.27"]
[Round "-"]
[White "_keyes"]
[Black "startstek"]
[Result "1/2-1/2"]
[WhiteCountry "ENG"]
[BlackCountry "ALG"]
[WhiteElo "1929"]
[WhiteRD "70"]
[BlackElo "1903"]
[BlackRD "81"]
[GameID "201484"]

1. d4 Nf6 2. c4 g6 3. Nc3 Bg7 4. e4 d6 5. f3 O-O 6. Be3 e5 7. d5 Nh5 8. Qd2 f5 9. Bg5 Bf6 10. Bxf6 Qxf6
11. Bd3 f4 12. O-O-O Qe7 13. Nge2 a5 14. Kb1 Na6 15. a3 Bd7 16. Rdf1 a4 17. Bc2 Nc5 18. Qd1 Kh8 19. Nc1 Nf6 20. Nd3 Nxd3
21. Qxd3 b6 22. Qd1 Qe8 23. g3 Nh5 24. g4 Nf6 25. h4 b5 26. cxb5 Bxb5 27. Rf2 Qd7 28. Nxb5 Qxb5 29. Bd3 Qb6 30. Rc2 Rfb8
31. Rhh2 Ra7 32. Rc6 Qd4 33. Rc4 Qe3 34. Rhc2 Nd7 35. Qe2=
1/2-1/2

[Event "Standard Chess"]
[Site "SchemingMind.com"]
[Date "2009.04.27"]
[Round "-"]
[White "_keyes"]
[Black "maaac"]
[Result "1/2-1/2"]
[WhiteCountry "ENG"]
[BlackCountry "AUS"]
[WhiteElo "2012"]
[WhiteRD "73"]
[BlackElo "1936"]
[BlackRD "68"]
[GameID "201485"]

1. d4 Nf6 2. c4 e6 3. Nc3 Bb4 4. e3 Bxc3+ 5. bxc3 b6 6. Bd3 Bb7 7. f3 d6 8. a4 a5 9. Ba3 c5 10. Rb1 Nbd7
11. Ne2 O-O 12. O-O Qe7 13. Ng3 g6 14. Rb2 e5 15. d5 Ne8 16. Rbf2 f5 17. Qc2 Ng7 18. Bc1 Rae8 19. Qb1 Ba6 20. Bd2 h5
21. Be2 h4 22. Nh1 g5 23. g3 h3 24. f4 g4 25. Re1 exf4 26. exf4 Qf6 27. Rff1 Re7 28. Bd3 Rfe8 29. Rxe7 Rxe7 30. Re1 Kf7
31. Rxe7+ Qxe7 32. Qe1= Qxe1+ 33. Bxe1 Nf6 34. Nf2 Ngh5 35. Kf1 Ne4 36. Nxe4 fxe4 37. Be2 Nf6 38. Kf2 Kg6 39. Ke3 Kf5 40. Bf2 Ne8
41. Be1 Nf6=
1/2-1/2

[Event "Standard Chess"]
[Site "SchemingMind.com"]
[Date "2009.04.26"]
[Round "-"]
[White "_keyes"]
[Black "tyler_ensor"]
[Result "0-1"]
[WhiteCountry "ENG"]
[BlackCountry "CAN"]
[WhiteElo "1929"]
[WhiteRD "70"]
[BlackElo "1788"]
[BlackRD "64"]
[GameID "201486"]

1. d4 d5 2. c4 e6 3. Nc3 Nf6 4. Bg5 Nbd7 5. e4 dxe4 6. Nxe4 Be7 7. Nxf6+ Nxf6 8. Nf3 O-O 9. Bd3 b6 10. O-O Bb7
11. Be3 Ng4 12. h3 Nxe3 13. fxe3 c5 14. dxc5 Bxc5 15. Qe2 Qc7 16. a3 Rfd8 17. b4 Be7 18. Rac1 Bf6 19. c5 bxc5 20. Rxc5 Qd7
21. Rd1 Be4 22. Bc2 Qb7 23. Rxd8+ Rxd8 24. Bxe4 Qxe4 25. Rc4 Qb7 26. a4 Rc8= 27. Rxc8+ Qxc8 28. e4 Qc1+ 29. Kh2 g6 30. e5 Be7
31. Qb5 Qf4+ 32. Kg1 Qxb4 33. Qxb4 Bxb4 34. Kf2 h6 35. Ke3= Kf8 36. Kd4 Ke7 37. Kc4 Ba5 38. Kb5 Bb6 39. a5 Be3 40. Kc6 f5
41. a6 g5 42. Ne1 h5 43. Nd3 g4 44. hxg4 hxg4 45. Kc7 f4 46. Ne1 Bd4 47. Kc6 Bxe5 48. Nd3 f3 49. gxf3 gxf3 50. Nxe5 f2
51. Kb7 f1=Q 52. Kxa7 Kd6 53. Ng6 Qf7+ 54. Kb8 Qxg6 55. a7 Qf7 56. a8=Q Qc7#
0-1

[Event "Standard Chess"]
[Site "SchemingMind.com"]
[Date "2009.04.26"]
[Round "-"]
[White "_keyes"]
[Black "MazetaFighter"]
[Result "1/2-1/2"]
[WhiteCountry "ENG"]
[BlackCountry "GRE"]
[WhiteElo "2022"]
[WhiteRD "72"]
[BlackElo "2011"]
[BlackRD "61"]
[GameID "201487"]

1. d4 e6 2. c4 d5 3. Nc3 Nf6 4. Bg5 Nbd7 5. e3 c6 6. Nf3 Qa5 7. Bxf6 Nxf6 8. Nd2 Bd6 9. c5 Bb8 10. f4 Qd8
11. Bd3 O-O 12. Qe2 b6 13. b4 a5 14. bxa5 Rxa5 15. cxb6 Qxb6 16. O-O Ba6 17. Nb3 Bxd3 18. Qxd3 Ra8 19. Nc5 Bd6 20. N3a4 Qc7
21. Rfb1 Rfb8 22. Rxb8+ Qxb8 23. Rb1 Qa7 24. Rb2 Ne4 25. Rc2 Nxc5=
1/2-1/2

[Event "Standard Chess"]
[Site "SchemingMind.com"]
[Date "2009.04.26"]
[Round "-"]
[White "_keyes"]
[Black "klagefall"]
[Result "1-0"]
[WhiteCountry "ENG"]
[BlackCountry "GER"]
[WhiteElo "2061"]
[WhiteRD "71"]
[BlackElo "2009"]
[BlackRD "61"]
[GameID "201488"]

1. d4 d5 2. c4 e6 3. Nc3 Be7 4. Nf3 Nf6 5. Bg5 O-O 6. e3 h6 7. Bxf6 Bxf6 8. cxd5 exd5 9. Qb3 c6 10. Bd3 Qb6
11. Qc2 Na6 12. a3 Be6 13. O-O c5 14. Na4 Qc7 15. Bxa6 bxa6 16. Nxc5 Qb6 17. Rfc1 Rfc8 18. b4 a5 19. Rab1 axb4 20. Rxb4 Qd6
21. Rcb1 Rcb8 22. Qb3 Rxb4 23. Qxb4 Be7 24. Qb7 Qd8 25. Nxe6 fxe6 26. Ne5 Qe8 27. a4 Bf6 28. Nd7 Be7 29. Nc5 Bxc5 30. dxc5 Qc8
31. c6 Qxb7 32. Rxb7 Rc8 33. c7 Kf7 34. Rxa7 Ke7 35. Kf1 Kd7 36. Ke2 Rxc7 37. Rxc7+ Kxc7 38. Kd3 e5 39. f4
1-0

[Event "Standard Chess"]
[Site "SchemingMind.com"]
[Date "2009.04.26"]
[Round "-"]
[White "startstek"]
[Black "_keyes"]
[Result "1-0"]
[WhiteCountry "ALG"]
[BlackCountry "ENG"]
[WhiteElo "1903"]
[WhiteRD "81"]
[BlackElo "1929"]
[BlackRD "70"]
[GameID "201489"]

1. e4 c5 2. Nf3 d6 3. d4 cxd4 4. Nxd4 Nf6 5. Nc3 a6 6. Be3 e5 7. Nb3 Be6 8. f3 Be7 9. Qd2 Nbd7 10. O-O-O b5
11. g4 Rc8 12. g5 Nh5 13. Nd5 Bxd5 14. exd5 Nf4 15. Bxf4 exf4 16. h4 Qc7 17. Bd3 Ne5 18. Be4 O-O 19. Kb1 Nc4 20. Qxf4 f6
21. Qf5 g6 22. Qe6+ Kg7 23. h5 fxg5 24. hxg6 hxg6 25. Qxg6#
1-0

[Event "Standard Chess"]
[Site "SchemingMind.com"]
[Date "2009.04.26"]
[Round "-"]
[White "maaac"]
[Black "_keyes"]
[Result "0-1"]
[WhiteCountry "AUS"]
[BlackCountry "ENG"]
[WhiteElo "1995"]
[WhiteRD "75"]
[BlackElo "2061"]
[BlackRD "71"]
[GameID "201490"]

1. d4 Nf6 2. c4 e6 3. g3 d5 4. Nf3 dxc4 5. Qa4+ c6 6. Qxc4 Be7 7. Bg2 O-O 8. O-O Nbd7 9. Bf4 Nb6 10. Qc2 Nbd5
11. Nc3 Nxf4 12. gxf4 Nd5 13. e3 f6 14. a3 Qd7 15. b4 b6 16. Rac1 Bb7 17. Nxd5 exd5 18. Rfd1 a5 19. bxa5 Bxa3 20. Ra1 Rxa5
21. Qb3 Rfa8 22. Qxb6 Rb5
0-1

[Event "Standard Chess"]
[Site "SchemingMind.com"]
[Date "2009.04.26"]
[Round "-"]
[White "tyler_ensor"]
[Black "_keyes"]
[Result "1/2-1/2"]
[WhiteCountry "CAN"]
[BlackCountry "ENG"]
[WhiteElo "1750"]
[WhiteRD "74"]
[BlackElo "2061"]
[BlackRD "71"]
[GameID "201491"]

1. d4 Nf6 2. c4 e6 3. Nf3 b6 4. g3 Bb7 5. Bg2 Bb4+ 6. Bd2 Be7 7. O-O d5 8. Nc3 Nbd7 9. cxd5 exd5 10. Rc1 c6
11. Qc2 O-O 12. e4 dxe4 13. Nxe4 Nxe4 14. Qxe4 Nf6 15. Qd3 a5 16. Qc2 Nd5 17. Rfe1=
1/2-1/2

[Event "Standard Chess"]
[Site "SchemingMind.com"]
[Date "2009.04.26"]
[Round "-"]
[White "MazetaFighter"]
[Black "_keyes"]
[Result "1/2-1/2"]
[WhiteCountry "GRE"]
[BlackCountry "ENG"]
[WhiteElo "1994"]
[WhiteRD "61"]
[BlackElo "2061"]
[BlackRD "71"]
[GameID "201492"]

1. d4 Nf6 2. c4 e6 3. Nc3 Bb4 4. Qc2 d5 5. cxd5 exd5 6. Bg5 h6 7. Bxf6 Qxf6 8. a3 Bxc3+ 9. Qxc3 O-O 10. e3 c6
11. Nf3 Bg4 12. Be2 Re8 13. O-O Nd7 14. b4 a6 15. a4 Rac8=
1/2-1/2

[Event "Standard Chess"]
[Site "SchemingMind.com"]
[Date "2009.04.26"]
[Round "-"]
[White "klagefall"]
[Black "_keyes"]
[Result "1-0"]
[WhiteCountry "GER"]
[BlackCountry "ENG"]
[WhiteElo "2029"]
[WhiteRD "59"]
[BlackElo "2022"]
[BlackRD "72"]
[GameID "201493"]

1. d4 Nf6 2. c4 e6 3. Nf3 b6 4. a3 Bb7 5. Nc3 d5 6. cxd5 exd5 7. Qa4+ c6 8. Bg5 b5 9. Qc2 Be7 10. Bxf6 Bxf6
11. e4 dxe4 12. Qxe4+ Qe7 13. O-O-O O-O 14. Bd3 Qxe4 15. Nxe4 Be7 16. Nc5 Bc8 17. Rhe1 Bxc5 18. dxc5 Nd7 19. b4 a5 20. Kb2 h6
21. Nd4 axb4 22. axb4 Nb8 23. Be4 Ra6 24. Ra1 Rxa1 25. Rxa1 Bd7 26. Ra7 Rd8 27. Kc3 Rc8 28. Bf5 Bxf5= 29. Nxf5 Re8 30. Rc7 Kf8
31. Nd6 Rd8 32. Rxf7+ Kg8 33. Rb7 Kf8 34. f4 Nd7 35. Rc7 Nf6 36. Rxc6 Nd5+ 37. Kb3 Nxf4 38. g3 Nd5 39. Rc8 Rxc8 40. Nxc8 Ke8
41. Nd6+
1-0